Research methods in practice : strategies for description and causation. (2nd ed.) (Record no. 80163)

MARC details
000 -LEADER
fixed length control field 01043nam a2200229 a 4500
008 - FIXED-LENGTH DATA ELEMENTS--GENERAL INFORMATION
fixed length control field 161109s2015 ||||||||||||||||| || u
010 ## - LIBRARY OF CONGRESS CONTROL NUMBER
LC control number 2014000280
020 ## - INTERNATIONAL STANDARD BOOK NUMBER
International Standard Book Number 9781452276403
050 ## - LIBRARY OF CONGRESS CALL NUMBER
Classification number LB 2369 Rem
100 ## - MAIN ENTRY--PERSONAL NAME
Personal name Van Ryzin, Gregg G
245 10 - TITLE STATEMENT
Title Research methods in practice : strategies for description and causation. (2nd ed.)
Statement of responsibility, etc. Dahlia K. Remler; Gregg G. Van Ryzin
250 ## - EDITION STATEMENT
Edition statement 2nd ed.
260 ## - PUBLICATION, DISTRIBUTION, ETC.
Place of publication, distribution, etc. Los Angeles
Name of publisher, distributor, etc. SAGE Publications
Date of publication, distribution, etc. 2015
300 ## - PHYSICAL DESCRIPTION
Extent xxxvi, 606 p. : ill.
350 ## -
-- 94.00
500 ## - GENERAL NOTE
General note Includes bibliographical references (pages 575-586) and indexes.
650 ## - SUBJECT ADDED ENTRY--TOPICAL TERM
Topical term or geographic name entry element RESEARCH--METHODOLOGY--STUDY AND TEACHING (GRADUATE)
700 ## - ADDED ENTRY--PERSONAL NAME
Personal name Remler, Dahlia K
995 ## -
-- MAIN LIBRARY OPEN ACCESS
-- 747076
-- CBU-MAIN LIBRARY (Kitwe)
-- 94.00
-- LB 2369 Rem
-- 2
-- AVAILABLE
-- Nov 9, 2016
-- 747076
-- Main Library Open Access Collection
995 ## -
-- MAIN LIBRARY OPEN ACCESS
-- 94.00
-- 747057
-- CBU-MAIN LIBRARY (Kitwe)
-- LB 2369 Rem
-- 1
-- AVAILABLE
-- Nov 9, 2016
-- 747057
-- Main Library Open Access Collection
999 ## -
-- 80163
-- 80163
Holdings
Withdrawn status Lost status Source of classification or shelving scheme Damaged status Not for loan Permanent Location Current Location Shelving location Date acquired Total Checkouts Full call number Barcode Date last seen Copy number Price effective from Koha item type
          CBU-MAIN LIBRARY, KITWE. CBU-MAIN LIBRARY, KITWE.   06/29/2023   LB 2369 Rem 747076 06/29/2023 1 06/29/2023 MONOGRAPH
          CBU-MAIN LIBRARY, KITWE. CBU-MAIN LIBRARY, KITWE.   06/29/2023   LB 2369 Rem 747057 06/29/2023 2 06/29/2023 MONOGRAPH